Statistics for Flags of Asia

Click here to take the quiz!

General Stats

  • This quiz has been taken 265 times
  • The average score is 40 of 48

Answer Stats

Answer% Correct
Japan
100%
China
99%
South Korea
99%
Georgia
96%
Israel
96%
India
95%
Turkey
95%
Bangladesh
94%
Saudi Arabia
94%
Vietnam
94%
Cyprus
93%
Nepal
93%
Lebanon
92%
North Korea
90%
Pakistan
90%
Bhutan
89%
Iran
89%
Indonesia
87%
Malaysia
87%
Cambodia
85%
Iraq
85%
Kazakhstan
83%
Qatar
83%
Taiwan
83%
Syria
82%
Philippines
81%
Sri Lanka
81%
Thailand
81%
Singapore
80%
Turkmenistan
80%
United Arab Emirates
79%
Uzbekistan
79%
Azerbaijan
78%
Yemen
78%
Bahrain
77%
Kuwait
77%
Myanmar
77%
Laos
76%
Armenia
74%
Brunei
74%
Jordan
74%
Afghanistan
73%
Mongolia
73%
Oman
73%
Maldives
72%
Kyrgyzstan
70%
East Timor
67%
Tajikistan
67%

Score Distribution

Percentile by Number Answered

Percent of People with Each Score

Your Score History

You have not taken this quiz